Teoría general del delito / (Registro nro. 28806)

Detalles MARC
000 -LEADER
fixed length control field 00755nam a2200229Ia 4500
003 - CONTROL NUMBER IDENTIFIER
control field CO-CtgCURN
005 - DATE AND TIME OF LATEST TRANSACTION
control field 20250410150523.0
008 - FIXED-LENGTH DATA ELEMENTS--GENERAL INFORMATION
fixed length control field 190723s9999 xx 000 0 und d
020 ## - INTERNATIONAL STANDARD BOOK NUMBER
International Standard Book Number 9706135235
040 ## - CATALOGING SOURCE
Original cataloging agency CO-CtgCURN
Language of cataloging spa
Transcribing agency coctgcurn
082 ## - DEWEY DECIMAL CLASSIFICATION NUMBER
Classification number 345.02
Item number C289t
100 ## - MAIN ENTRY--PERSONAL NAME
Personal name Carnelutti, Francesco
Dates associated with a name 1879-1965
245 #0 - TITLE STATEMENT
Title Teoría general del delito /
Statement of responsibility, etc. Francesco Carnelutti; traducción., Victor Conde
260 ## - PUBLICATION, DISTRIBUTION, ETC.
Place of publication, distribution, etc. México :
Name of publisher, distributor, etc. Oxford,
Date of publication, distribution, etc. 2000
300 ## - PHYSICAL DESCRIPTION
Extent 226 páginas ;
Dimensions 24 centímetros
521 ## - TARGET AUDIENCE NOTE
Target audience note AREA PROFESIONAL
590 ## - LOCAL NOTE (RLIN)
Local note Programa de Derecho_18
650 ## - SUBJECT ADDED ENTRY--TOPICAL TERM
Topical term or geographic name entry element Delitos
650 ## - SUBJECT ADDED ENTRY--TOPICAL TERM
Topical term or geographic name entry element Derecho penal
942 ## - ADDED ENTRY ELEMENTS (KOHA)
Koha item type Libros
Classification part 345.02
Item part C289t
Source of classification or shelving scheme Dewey Decimal Classification
Suppress in OPAC No
Existencias
Withdrawn status Lost status Damaged status Not for loan Collection Home library Current library Shelving location Date acquired Inventory number Total checkouts Full call number Barcode Date last seen Copy number Price effective from Koha item type
          Miguel Henríquez Castañeda Barranquilla Miguel Henríquez Castañeda Barranquilla General 05/23/2018 01893   345.02 C289t 01893 07/23/2019 v.5 ej.1 07/23/2019 Libros